| 000 | 00682nam a2200241Ia 4500 | ||
|---|---|---|---|
| 008 | 200601s9999 xx 000 0 und d | ||
| 020 | _a981-261-263-7 | ||
| 050 | _aREF DS 663 | ||
| 050 | _b.R63 2006 | ||
| 100 | _aRoces, Alfredo. | ||
| 245 | 0 | _aCultureshock! : | |
| 245 | 0 | _bPhilippines / | |
| 245 | 0 | _cAlfredo Roces, Grace Roces. | |
| 260 | _aSingapore : | ||
| 260 | _bMarshall Cavendish Editions, | ||
| 260 | _c2006 | ||
| 300 | _a324 pages : | ||
| 300 | _billustrations (some color) ; | ||
| 300 | _c22 cm. | ||
| 500 | _aIncludes bibliographical references and index. | ||
| 650 | _aEtiquette -- Philippines. | ||
| 650 | _xPhilippines -- Social life and customs. | ||
| 999 |
_c363299 _d363299 |
||